=LDR 00000nam 2200000 4500 =001 000368 =005 20250710030147 =035 ##$$a 0010-0725000227 =007 ta =008 250710################a##########0#ind## =020 ##$$a 978-623-307-400-1 =082 ##$$a 398.209 598 =084 ##$$a 398.209 598 MIA h =100 #$$a Mia singh =245 1#$$a Hari yang mengesankan /$c Mia singh =250 ##$$a Cetakan pertama =260 ##$$a Rawamangun :$b Badan pengembangan dan pembinaan bahasa,$c 2022 =300 ##$$a 14 hlm. : $b Ilus. ; $c 29cm =650 #4$$a Cerita anak indonesia-terjemahan =990 ##$$a TBM00870087